| 000 | 00569nam a22001817a 4500 | ||
|---|---|---|---|
| 001 | 00002429 | ||
| 003 | DO-SdBNP | ||
| 005 | 20171214074242.0 | ||
| 007 | 00002429 | ||
| 008 | 160614b xxu||||| |||| 00| 0 spa d | ||
| 040 |
_aBPMSU _bspa _cBPMSU |
||
| 245 | 1 | 0 |
_aLas bases de datos en la educación básica : _butilización y ejemplos / _cD. Daines ; versión de Jordi Abadal Berini. |
| 260 |
_aBarcelona : _bGustavo Gili, _c1981. |
||
| 300 |
_a127 p. _bil. ; _c24 cm. |
||
| 700 | 1 | 2 | _aAbadal Berini, Jordi |
| 942 |
_2ddc _cBK |
||
| 945 | _ainventariado extranjero / DG | ||
| 999 |
_c10389 _d10389 |
||